000 00637cam a2200241 4500
008 000000n1986 000 0 eng u
020 _a0434924482
035 _a(Sirsi) u110822
050 _a609.1
100 _aYoung, Michael
245 _aArchitectural and building design an introduction.
260 _aLondon
_bWilliam Heinemann
_c1986
300 _ax, 179p. ill. ; 23cm.
650 _aSTRUCTURES
650 _aDESIGN
650 _aDESIGN PROCESS
650 _aBUILDINGS
650 _aPLANNING
650 _aSITE SELECTION
650 _aAESTHETICS
690 _aBUILT ENVIRONMENT-CONSTRUCTION DESIGN
942 _n0
999 _c101134
_d101134